| 000 | 00527nam a22001817a 4500 | ||
|---|---|---|---|
| 005 | 20250218112639.0 | ||
| 010 | _aENG-143835 | ||
| 020 |
_a9789364443418 _c800.00 |
||
| 035 | _aEN-118175 | ||
| 037 | _bDBAD/PUB | ||
| 082 | _a332.495462 | ||
| 100 |
_aBohora, Anil R. _977722 |
||
| 245 | _aThe Official Guide to the GRE/ | ||
| 260 |
_aNashik _bAnil R. Bohora _c2009 |
||
| 270 |
_aBohora House, Gangapur Road _bNashik _mbohoraa@yahoo.com _e422001 |
||
| 300 |
_a675p. _c28cm(pbk) |
||
| 942 |
_2ddc _cEN _h000 _mOFF |
||
| 999 |
_c209159 _d209159 |
||